Bt Cotton: farmers' reactions (Record no. 54516)

000 -LEADER
fixed length control field 00815pab a2200193 454500
008 - FIXED-LENGTH DATA ELEMENTS--GENERAL INFORMATION
fixed length control field 180718b2002 xxu||||| |||| 00| 0 eng d
100 ## - MAIN ENTRY--PERSONAL NAME
Personal name David, G. Shourie
245 ## - TITLE STATEMENT
Title Bt Cotton: farmers' reactions
260 ## - PUBLICATION, DISTRIBUTION, ETC.
Date of publication, distribution, etc. 2002
300 ## - PHYSICAL DESCRIPTION
Extent p.4601-602.
362 ## - DATES OF PUBLICATION AND/OR SEQUENTIAL DESIGNATION
Dates of publication and/or sequential designation 16 Nov
520 ## - SUMMARY, ETC.
Summary, etc. A field study in Andhra Pradesh elicited the views of farmers in two districts in the state on the efficacy of Bt cotton in withstanding pest attacks, use of pesticides, compliance with government norms, and farmers' willingness to continue with cultivation of Bt cotton in the coming seasons. - Reproduced.
650 ## - SUBJECT ADDED ENTRY--TOPICAL TERM
Topical term or geographic name entry element Biotechnology - India - Andhra Pradesh
650 ## - SUBJECT ADDED ENTRY--TOPICAL TERM
Topical term or geographic name entry element Cotton picking - India - Andhra Pradesh
650 ## - SUBJECT ADDED ENTRY--TOPICAL TERM
Topical term or geographic name entry element Cotton
700 ## - ADDED ENTRY--PERSONAL NAME
Personal name Sai, Y.V.S.T.
773 ## - HOST ITEM ENTRY
Main entry heading Economic and Political Weekly
909 ## -
-- 54516
Holdings
Withdrawn status Lost status Damaged status Not for loan Permanent Location Current Location Date acquired Serial Enumeration / chronology Barcode Date last seen Price effective from Koha item type
        Indian Institute of Public Administration Indian Institute of Public Administration 2018-07-19 Volume no: 37, Issue no: 46 AR54961 2018-07-19 2018-07-19 Articles

Powered by Koha